|
|
|
|
| LEADER |
00000cam a2200000 7i4500 |
| 001 |
0000002361 |
| 002 |
000002568 |
| 005 |
20000330.0 |
| 020 |
|
|
|a 0071136703
|
| 090 |
0 |
0 |
|a 658.8
|b STA
|
| 100 |
1 |
|
|a Stanton, William J
|
| 245 |
1 |
0 |
|a Fundamentals of marketing
|c William J.Stanton,Michael J. Etzel,Bruce J. Walker
|
| 250 |
|
|
|a 10th ed
|
| 260 |
|
|
|a New York :
|b McGraw-Hill ,
|c 1994
|
| 300 |
|
|
|a 697p. :
|b ill. ;
|c 25cm.
|
| 650 |
0 |
0 |
|a Marketing
|
| 700 |
1 |
|
|a Etzel, Michael J
|
| 700 |
1 |
|
|a Walker, Bruce J
|
| 999 |
|
|
|a 035592
|b BUKU
|c PINJAMAN
|e PERPUSTAKAAN KOMUNITI PETALING JAYA
|
| 999 |
|
|
|a 035593
|b BUKU
|c PINJAMAN
|e PERPUSTAKAAN KOMUNITI PETALING JAYA
|